[Event "Bangkok Rooky op 03"]
[Site "Bangkok"]
[Date "2025.03.01"]
[Round "2"]
[White "Lisin, Maksim"]
[Black "Pienpoldeesakul, Baimon"]
[Result "0-1"]
[WhiteElo "1501"]
[BlackElo "1652"]
[PlyCount "48"]
[EventDate "2025.03.01"]
[EventType "swiss"]
[EventRounds "5"]
[EventCountry "THA"]
[SourceTitle "CB12_2025"]
[SourceDate "2025.03.19"]
[SourceVersion "1"]
[SourceVersionDate "2025.03.19"]
[SourceQuality "1"]

1. e4 d5 2. exd5 Qxd5 3. Nf3 Bg4 4. Be2 Nc6 5. d4 0-0-0 6. c4 Qf5 7. Be3 Bxf3 8. Bxf3 Nxd4 9. Bxd4 Qe6+ 10. Be2 Qe4 11. Nc3 Qxd4 12. Qxd4 Rxd4 13. Nb5 Rd7 14. Nxa7+ Kb8 15. Nb5 e5 16. 0-0 c6 17. Rfd1 Nf6 18. Rxd7 Nxd7 19. Rd1 cxb5 20. Rxd7 bxc4 21. Rxf7 b5 22. a3 Bxa3 23. bxa3 c3 24. Rf3 c2 0-1

[Event "THA-ch"]
[Site "Bangkok"]
[Date "2024.04.21"]
[Round "9"]
[White "Chimyam, Jakkawan"]
[Black "Pienpoldeesakul, Baimon"]
[Result "0-1"]
[WhiteElo "1505"]
[BlackElo "1620"]
[PlyCount "59"]
[EventDate "2024.04.17"]
[EventType "swiss"]
[EventRounds "9"]
[EventCountry "THA"]
[SourceTitle "CBM 220 Extra"]
[Source "ChessBase"]
[SourceDate "2024.07.31"]
[SourceVersion "1"]
[SourceVersionDate "2024.07.31"]
[SourceQuality "1"]

1. e4 d6 2. d4 Nf6 3. Nc3 e5 4. Nf3 Nbd7 5. Bd3 Be7 6. h3 c6 7. Be3 Qc7 8. 0-0 h6 9. d5 0-0 10. Qd2 cxd5 11. exd5 a6 12. Bxh6 gxh6 13. Qxh6 Re8 14. Ng5 Nf8 15. Nce4 Nxe4 16. Bxe4 f5 17. Bf3 Bxg5 18. Qxg5+ Qg7 19. Qd2 Ng6 20. Kh2 Kh8 21. Bh5 Rg8 22. Rg1 Qh7 23. g4 Nf4 24. f3 fxg4 25. hxg4 Nxh5 26. Kh1 Bxg4 27. Rg3 Bxf3+ 28. Rxf3 Qf5 29. Re3 Rg3 30. Ree1 0-1

[Event "Pattaya CAD op"]
[Site "Pattaya"]
[Date "2023.04.03"]
[Round "5"]
[White "Pienpoldeesakul, Baimon"]
[Black "Sela, Prajak"]
[Result "1-0"]
[WhiteElo "1264"]
[BlackElo "1497"]
[PlyCount "65"]
[EventDate "2023.04.01"]
[EventType "swiss"]
[EventRounds "7"]
[EventCountry "THA"]
[SourceTitle "CBM 213 Extra"]
[Source "ChessBase"]
[SourceDate "2023.05.31"]
[SourceVersion "1"]
[SourceVersionDate "2023.05.31"]
[SourceQuality "1"]

1. d4 c5 2. c3 Nf6 3. Nf3 e6 4. Bf4 Nc6 5. e3 d5 6. Nbd2 Bd6 7. Bg3 b6 8. Bd3 Bb7 9. e4 dxe4 10. Nxe4 Nxe4 11. Bxe4 Qe7 12. dxc5 Bxg3 13. hxg3 Qxc5 14. Qe2 Rb8 15. Rd1 Na5 16. Qd3 Bxe4 17. Qxe4 g6 18. Qd3 Qc7 19. Qd4 0-0 20. Qh4 f6 21. Nd4 Rbe8 22. 0-0 Rf7 23. Nb5 Qb8 24. Nd6 Ref8 25. Nxf7 Rxf7 26. Rd3 g5 27. Qe4 Nb7 28. Qxe6 Nc5 29. Qd6 Qb7 30. Rd4 Kg7 31. Rfd1 Rd7 32. Qxd7+ Nxd7 33. Rxd7+ 1-0